Statistiques concernant Personnages de Demon Slayer par images

Cliquez ici pour prendre le quiz!

Statistiques générales

  • Ce quiz a été pris 564 fois
  • Le résultat moyen est 12 sur 16

Statistiques - réponses

Réponse% Correct
Tanjiro Kamado
99%
Inosuke
92%
Muzan Kibutsuji
89%
Nezuko
89%
Tengen Uzui
86%
Zenitsu
84%
Akaza
83%
Kyojuro Rengoku
83%
Giyu Tomioka
75%
Mitsuri Kanroji
74%
Muichiro Tokito
66%
Kanao Tsuyuri
60%
Genya Shinazugawa
57%
Sakonji Urokodaki
49%
Kagaya Ubuyashiki
45%
Hotaru Haganezuka
39%

Distribution des résultats

Percentile par nombre de réponses

% des personnes avec chaque résultat

Votre développement - résultats

Vous n’avez pas pris ce quiz